<?xml version="1.0" encoding="UTF-8"?>
<record
    xmlns:xsi="http://www.w3.org/2001/XMLSchema-instance"
    xsi:schemaLocation="http://www.loc.gov/MARC21/slim http://www.loc.gov/standards/marcxml/schema/MARC21slim.xsd"
    xmlns="http://www.loc.gov/MARC21/slim">

  <leader>01520nam a2200181Ia 4500</leader>
  <controlfield tag="008">151202s9999||||xx |||||||||||||| ||und||</controlfield>
  <datafield tag="082" ind1=" " ind2=" ">
    <subfield code="b">PNVM-91236</subfield>
  </datafield>
  <datafield tag="100" ind1=" " ind2=" ">
    <subfield code="a">&#x92C;&#x93E;&#x920;&#x947; &#x92E;&#x928;&#x940;&#x937;&#x93E; &#x91C;&#x94D;&#x91E;&#x93E;&#x928;&#x947;&#x936;&#x94D;&#x935;&#x930; </subfield>
  </datafield>
  <datafield tag="245" ind1=" " ind2=" ">
    <subfield code="a"> &#x938;&#x92E;&#x930;&#x94D;&#x925; &#x930;&#x93E;&#x92E;&#x926;&#x93E;&#x938; (&#x905;&#x926;&#x94D;&#x935;&#x948;&#x924;&#x928;&#x93F;&#x937;&#x94D;&#x920;  &#x930;&#x93E;&#x937;&#x94D;&#x91F;&#x94D;&#x930;&#x917;&#x941;&#x930;&#x941;) &#x915;&#x943;&#x924; &#x926;&#x916;&#x928;&#x940;-&#x909;&#x930;&#x94D;&#x926;&#x942; &#x92A;&#x926;&#x93E;&#x935;&#x932;&#x94D;&#x92F;&#x93E; &#x92E;&#x942;&#x933; &#x936;&#x92C;&#x94D;&#x926;&#x93E;&#x930;&#x94D;&#x925; &#x935; &#x92D;&#x93E;&#x935;&#x93E;&#x930;&#x94D;&#x925; &#x92F;&#x93E;&#x938;&#x939; &#x969;&#x966;&#x966; </subfield>
  </datafield>
  <datafield tag="260" ind1=" " ind2=" ">
    <subfield code="b">"&#x938;&#x92E;&#x930;&#x94D;&#x925; &#x92E;&#x93F;&#x921;&#x93F;&#x92F;&#x93E; &#x938;&#x947;&#x902;&#x91F;&#x930;,&#x96B;&#x968;&#x968; &#x928;&#x93E;&#x930;&#x93E;&#x92F;&#x923; &#x92A;&#x947;&#x920;,&#x92E;&#x94B;&#x926;&#x940; &#x917;&#x923;&#x92A;&#x924;&#x940; &#x91A;&#x94C;&#x915;,&#x92A;&#x941;&#x923;&#x947;-&#x96A;&#x967;&#x967;&#x966;&#x969;&#x966; &#x92B;&#x94B;&#x928;-&#x966;&#x968;&#x966; &#x96C;&#x96C;&#x966;&#x968;&#x96D;&#x969;&#x96B;&#x96F; &#x96F;&#x967;&#x96E;&#x96E;&#x966;&#x96B;&#x96F;&#x96C;&#x966;&#x96F;&#x969;&#x969;"</subfield>
  </datafield>
  <datafield tag="260" ind1=" " ind2=" ">
    <subfield code="c">21st April 2015</subfield>
  </datafield>
  <datafield tag="300" ind1=" " ind2=" ">
    <subfield code="a">300</subfield>
  </datafield>
  <datafield tag="600" ind1=" " ind2=" ">
    <subfield code="a">&#x92C;&#x93E;&#x920;&#x947; &#x92E;&#x928;&#x940;&#x937;&#x93E; &#x91C;&#x94D;&#x91E;&#x93E;&#x928;&#x947;&#x936;&#x94D;&#x935;&#x930; </subfield>
  </datafield>
  <datafield tag="630" ind1=" " ind2=" ">
    <subfield code="a"> &#x938;&#x92E;&#x930;&#x94D;&#x925; &#x930;&#x93E;&#x92E;&#x926;&#x93E;&#x938; (&#x905;&#x926;&#x94D;&#x935;&#x948;&#x924;&#x928;&#x93F;&#x937;&#x94D;&#x920;  &#x930;&#x93E;&#x937;&#x94D;&#x91F;&#x94D;&#x930;&#x917;&#x941;&#x930;&#x941;) &#x915;&#x943;&#x924; &#x926;&#x916;&#x928;&#x940;-&#x909;&#x930;&#x94D;&#x926;&#x942; &#x92A;&#x926;&#x93E;&#x935;&#x932;&#x94D;&#x92F;&#x93E; &#x92E;&#x942;&#x933; &#x936;&#x92C;&#x94D;&#x926;&#x93E;&#x930;&#x94D;&#x925; &#x935; &#x92D;&#x93E;&#x935;&#x93E;&#x930;&#x94D;&#x925; &#x92F;&#x93E;&#x938;&#x939; &#x969;&#x966;&#x966; </subfield>
  </datafield>
  <datafield tag="700" ind1=" " ind2=" ">
    <subfield code="a">&#x92C;&#x93E;&#x920;&#x947; &#x92E;&#x928;&#x940;&#x937;&#x93E; &#x91C;&#x94D;&#x91E;&#x93E;&#x928;&#x947;&#x936;&#x94D;&#x935;&#x930; </subfield>
  </datafield>
  <datafield tag="730" ind1=" " ind2=" ">
    <subfield code="a"> &#x938;&#x92E;&#x930;&#x94D;&#x925; &#x930;&#x93E;&#x92E;&#x926;&#x93E;&#x938; (&#x905;&#x926;&#x94D;&#x935;&#x948;&#x924;&#x928;&#x93F;&#x937;&#x94D;&#x920;  &#x930;&#x93E;&#x937;&#x94D;&#x91F;&#x94D;&#x930;&#x917;&#x941;&#x930;&#x941;) &#x915;&#x943;&#x924; &#x926;&#x916;&#x928;&#x940;-&#x909;&#x930;&#x94D;&#x926;&#x942; &#x92A;&#x926;&#x93E;&#x935;&#x932;&#x94D;&#x92F;&#x93E; &#x92E;&#x942;&#x933; &#x936;&#x92C;&#x94D;&#x926;&#x93E;&#x930;&#x94D;&#x925; &#x935; &#x92D;&#x93E;&#x935;&#x93E;&#x930;&#x94D;&#x925; &#x92F;&#x93E;&#x938;&#x939; &#x969;&#x966;&#x966; </subfield>
  </datafield>
  <datafield tag="942" ind1=" " ind2=" ">
    <subfield code="c">BOOK</subfield>
  </datafield>
  <datafield tag="999" ind1=" " ind2=" ">
    <subfield code="c">1350920</subfield>
    <subfield code="d">1350917</subfield>
  </datafield>
  <datafield tag="952" ind1=" " ind2=" ">
    <subfield code="0">0</subfield>
    <subfield code="1">0</subfield>
    <subfield code="4">0</subfield>
    <subfield code="7">0</subfield>
    <subfield code="a">PNVM</subfield>
    <subfield code="b">PNVM</subfield>
    <subfield code="d">2015-10-02</subfield>
    <subfield code="g">500.00</subfield>
    <subfield code="l">0</subfield>
    <subfield code="o">PNVM-91236</subfield>
    <subfield code="p">PNVM-91236</subfield>
    <subfield code="r">2015-12-02 00:00:00</subfield>
    <subfield code="v">500.00</subfield>
    <subfield code="w">2015-12-02</subfield>
    <subfield code="y">BOOK</subfield>
  </datafield>
</record>
